Obchodní příležitosti ve světě. 1 Veřejné zakázky financované Evropskou bankou pro obnovu a rozvoj

Európska banka pre obnovu a rozvoj je medzinárodná inštitúcia, ktorej členmi je 57 krajín, Európska únia a EIB. Poslanie EBRD v oblasti poradenstva, kapitálových investícií, podpore demokratických inštitúcií a jej zameranie na ekologický rozvoj. Prevádzka EBRD od jej založenia v r. 1991. Ponuka fina...

Ausführliche Beschreibung

Gespeichert in:
Bibliographische Detailangaben
1. Verfasser: Franěk, J.
Format: Buchkapitel
Sprache:Tschechisch
Schlagworte:
Tags: Tag hinzufügen
Keine Tags, Fügen Sie das erste Tag hinzu!

MARC

LEADER 00000naa a2200000 4500
001 r021215
005 20230908093103.1
041 0 |a cze 
044 |a CZ 
245 1 0 |a Obchodní příležitosti ve světě. 1  |b Veřejné zakázky financované Evropskou bankou pro obnovu a rozvoj  |c J. Franěk 
520 |a Európska banka pre obnovu a rozvoj je medzinárodná inštitúcia, ktorej členmi je 57 krajín, Európska únia a EIB. Poslanie EBRD v oblasti poradenstva, kapitálových investícií, podpore demokratických inštitúcií a jej zameranie na ekologický rozvoj. Prevádzka EBRD od jej založenia v r. 1991. Ponuka finančných nástrojov na trhovom základe. Poskytovanie pôžičiek. Podmienky poskytnutia pôžičiek. Spolufinancovanie. 
610 2 0 |a Európska banka pre obnovu a rozvoj 
610 2 0 |a pôžičky 
610 2 0 |a investície 
610 2 0 |a investície rozvojové 
610 2 0 |a financovanie 
610 2 0 |a zákazky 
610 2 0 |a obstarávanie verejné 
100 1 |a Franěk, J.